[Event "Fajr op 20th"]
[Site "Tabriz"]
[Date "2012.01.17"]
[Round "7"]
[White "Ghaem Maghami, Ehsan"]
[Black "Sulashvili, Malkhaz"]
[Result "1-0"]
[WhiteElo "2570"]
[BlackElo "2441"]
[PlyCount "123"]
[EventDate "2012.01.12"]
[EventType "swiss"]
[EventRounds "11"]
[EventCountry "IRI"]
[SourceTitle "CBM 146 Extra"]
[Source "ChessBase"]
[SourceDate "2012.02.29"]
[SourceVersion "1"]
[SourceVersionDate "2012.02.29"]
[SourceQuality "1"]

1. e4 c6 2. d4 d5 3. exd5 cxd5 4. c4 Nf6 5. Nc3 e6 6. Nf3 Bb4 7. cxd5 Nxd5 8. Bd2 Nc6 9. Bd3 0-0 10. 0-0 Nf6 11. Be3 Be7 12. a3 b6 13. Qe2 Bb7 14. Rad1 Nd5 15. Qc2 h6 16. Nxd5 exd5 17. Qd2 f5 18. Rfe1 g5 19. Qc2 Qd7 20. Bd2 Bd6 21. Bc3 Rf7 22. Qb3 Rd8 23. Bb5 a6 24. Ne5 Bxe5 25. dxe5 Qe6 26. Bxc6 Bxc6 27. Qxb6 Re8 28. Bd4 f4 29. Rc1 Bb5 30. Qxe6 Rxe6 31. Rc3 g4 32. f3 h5 33. b3 Rb7 34. Rec1 Be8 35. Kf2 Kf7 36. g3 fxg3+ 37. Kxg3 gxf3 38. Rxf3+ Kg6 39. Kh4 Rf7 40. Rg1+ Kh6 41. Rxf7 Bxf7 42. Rf1 Kg6 43. Kg3 Be8 44. Rf3 Rc6 45. Kf4 Kf7 46. Kg5+ Ke7 47. Rf6 Rxf6 48. exf6+ Ke6 49. h4 a5 50. a4 Kf7 51. Kxh5 Bd7 52. Kg5 Bh3 53. Bc3 d4 54. Bxa5 Be6 55. Bb6 d3 56. Be3 Bxb3 57. a5 Bc4 58. Bd2 Ba6 59. h5 Bc4 60. h6 Kg8 61. a6 Bxa6 62. Kg6 1-0

[Event "Poti Aleksandria Cup"]
[Site "Poti"]
[Date "2011.07.14"]
[Round "4"]
[White "Sulashvili, Malkhaz"]
[Black "Eranyan, Khachatur"]
[Result "1/2-1/2"]
[WhiteElo "2476"]
[BlackElo "2178"]
[PlyCount "78"]
[EventDate "2011.07.11"]
[EventType "swiss"]
[EventRounds "9"]
[EventCountry "GEO"]
[SourceTitle "CBM 143 Extra"]
[Source "ChessBase"]
[SourceDate "2011.08.29"]
[SourceVersion "1"]
[SourceVersionDate "2011.08.29"]
[SourceQuality "1"]

1. Nf3 d5 2. c4 c6 3. g3 g6 4. Bg2 Bg7 5. d4 Nf6 6. 0-0 0-0 7. cxd5 cxd5 8. Ne5 Nc6 9. Nc3 Nxe5 10. dxe5 Ng4 11. Nxd5 Nxe5 12. Bg5 Nc6 13. Nxe7+ Nxe7 14. Qxd8 Rxd8 15. Bxe7 Re8 16. Ba3 Rxe2 17. Bf3 Re8 18. Rac1 Be6 19. b3 Rad8 20. Bxb7 Rd2 21. Bc5 Rxa2 22. b4 Rb8 23. Bc6 Bf8 24. Rfd1 a5 25. b5 Bxc5 26. Rxc5 a4 27. Rb1 a3 28. Rcc1 Rb6 29. Rb4 Rd2 30. Ra4 a2 31. Kg2 Rb2 32. Rc3 R6xb5 33. Bxb5 Bd5+ 34. Kf1 Rb1+ 35. Ke2 a1Q 36. Rxa1 Rxa1 37. h4 h5 38. Bd3 Kg7 39. Rc5 Be6 1/2-1/2